02136cam a2200313 a 45000010009000000050017000090080041000260200025000670400062000920500022001540820022001761000032001982450089002302460043003192500012003622600062003743000021004365040051004575050550005085200317010586500033013756500047014086500037014556530028014929420012015209990017015329520137015499520136016861664257220110930123609.0110208s2011 nyu b 001 0 eng  a9780805093506 (hbk.) aDLCcDLCdYDXdBTCTAdYDXCPdUPZdJP3dNSBdBWXdIXAdDLC00aJZ5665b.E43 201100a327.1747222bBAR1 aEl Baradei, Mohamed.92940414aThe Age of Deception :bNuclear Diplomacy in Treacherous Times /cMohamed ElBaradei.30aNuclear diplomacy in treacherous times a1st ed. aNew York :bMetropolitan Books/Henry Holt and Co.,c2011. a340 p. ;c25 cm. aIncludes bibliographical references and index.0 aIraq, 1991-1998: unmasking a hidden program -- North Korea, 1992-2002: the case of the missing plutonium -- Iraq, 2002 and after: a needless war -- North Korea, 2003 and after: the nuclear weapons club adds a member -- Iran, 2003-2005: the riddle of Taqqiya -- Libya: discovery and dismantlement -- The nuclear bazaar of A. Q. Khan -- From Vienna to Oslo -- Iran, 2006: "not one centrifuge" -- Double standards -- Iran, 2007-2008: squandered opportunities -- Iran, 2009: in pursuit of a breakthrough -- Conclusion : the quest for human security. aFor the first time, the director of the UN's International Atomic Energy Agency and "man in the middle" of the planet's most explosive confrontations speaks out--on his dealings with America, negotiations with Iran, reform and democracy in the Middle East, and the prospects for a future free of nuclear weapons. 0aNuclear arms control.929405 0aNuclear arms controlxVerification.929406 0aNuclear nonproliferation.929407 bPolbGeneralcMarch2012 2ddccBB c16589d16589 00102ddc40708BaccahaMAINbMAINc1STd2012-03-18epurchasel12m60o327.1747 BARp000026462r2025-07-15 00:00:00s2019-11-04yBB 00102ddc40708BaccahaMAINbMAINc1STd2012-03-18epurchasel9m47o327.1747 BARp000026463r2025-10-16 00:00:00s2025-09-28yBB